Statistics for Greatest Video Game Characters of All Time

Click here to take the quiz!

General Stats

  • This quiz has been taken 47 times
  • The average score is 26 of 50

Answer Stats

RankFranchiseCharacter% Correct
1.Super Mario BrosMario
100%
11.Super Mario BrosLuigi
98%
6.Pac-ManPac-Man
98%
5.Sonic the HedgehogSonic
95%
7.Donkey KongDonkey Kong
93%
2.PokémonPikachu
93%
4.Legend of ZeldaLink
90%
29.KirbyKirby
88%
9.Tomb RaiderLara Croft
88%
12.Crash BandicootCrash Bandicoot
85%
19.Legend of ZeldaZelda
85%
21.Spyro the DragonSpyro
83%
15.Super Mario BrosBowser
80%
30.Mega ManMega Man
80%
10.Metal GearSolid Snake
70%
3.HaloMaster Chief
68%
38.Max PayneMax Payne
68%
40.MinecraftSteve
68%
8.God of WarKratos
65%
48.Ratchet and ClankRatchet
65%
32.RaymanRayman
65%
24.MetroidSamus
58%
42.Duke NukemDuke Nukem
53%
14.UnchartedNathan Drake
50%
49.Parappa the RappaParappa
50%
17.Street FighterRyu
45%
20.Mortal KombatSub-Zero
45%
18.Final FantasyCloud
43%
16.Mortal KombatScorpion
43%
22.HitmanAgent 47
40%
13.The WitcherGeralt
40%
33.Red Dead RedemptionArthur Morgan
38%
37.The Last of UsEllie
38%
36.The Last of UsJoel
38%
28.Assassin's CreedEzio
35%
34.Red Dead RedemptionJohn Marston
30%
23.Half-LifeGordon Freeman
25%
27.PortalGLaDOS
23%
47.Call of DutyCaptain Price
20%
25.Resident EvilLeon Kennedy
20%
45.Animal CrossingTom Nook
20%
31.Resident EvilJill Valentine
18%
43.BioShockBig Daddy
15%
26.Mass EffectCommander Shepard
15%
35.DoomDoomguy
15%
44.Grand Theft AutoNiko Bellic
15%
41.The Walking DeadClementine
13%
39.FalloutVault Boy
10%
50.Dead SpaceIsaac Clarke
5%
46.Silent HillPyramid Head
5%

Score Distribution

Percentile by Number Answered

Percent of People with Each Score

Your Score History

You have not taken this quiz